| 000 | 00495nam a2200157Ia 4500 | ||
|---|---|---|---|
| 008 | 140529s9999 xx 000 0 und d | ||
| 020 | _a9789715426411 | ||
| 050 |
_aND 1029.E5 _b.Al79 2010 |
||
| 245 |
_aAlter/(n)ations : _bthe art of Imelda Cajipe Endaya / _cFlaudette May V. Datuin, editor |
||
| 260 |
_aDiliman, Q.C. : _bUP Press, _cc2010. |
||
| 300 |
_a108 p. : _bill. ; _c23 cm. |
||
| 521 | _aGE | ||
| 650 |
_aArtists _xPhilippines -- Biography. |
||
| 942 |
_kLOC _cBK |
||
| 999 |
_c117651 _d117651 |
||